00690cam a2200241 450000100100000000500170001000800410002701000130006801500140008102000150009504000230011005000200013310000370015324500640019025000120025426000300026630000540029650000270035050400310037765000170040808200120042535000110043700001154320200929162503.0690903s1969 enkaf b 001 0 eng  a72404546 aB69-09054 a0273402862 aDO-SdBNPcDLCdDLC00aTA775b.T6 19691 aTomlinson, M. J.q(Michael John)10aFoundation design and construction /c[by] M. J. Tomlinson. a2nd ed. aLondon, :bPitman,c1969. axiv, 785 p. :b16 plates, illus. index. ;c23 cm. aText on lining papers. aBibliographical footnotes. 0aFoundations.00a624/.15 a5/10/-